000 00762cab a2200229 4500
001 ABS57048
008 090401t1997 xxu||||| |||| 00| 0 eng d
035 _a(Sirsi) u98404
041 _aeng
245 _aClassifying agricultural land in England and Wales
260 _c1997
350 _a0
490 _aRural Property Bulletin
_vMarch/April 1997, 26-27(2)
520 _aExplains what the Agricultural Land Classification system is and how it works. Gives description of grades and sub-grades.
650 _aAGRICULTURAL LAND CLASSIFICATION
650 _aPROPERTY-RURAL AND NATURAL ASSETS-AGRICULTURAL PROPERTY-AGRICULTURAL LAND
650 _aGRADES
650 _aLand use
_96251
690 _aRURAL PRACTICE
942 _n0
948 _c28/05/1997
999 _c59801
_d59801